2 images,1 seul mot (#1) - Statistiques

Statistiques générales
  • Ce quiz a été pris 1 674 fois
  • Le résultat moyen est 7 sur 14
Statistiques - réponses
Par images Réponse % Correct
Souris
100%
Dame
91%
Grenade
73%
Iris
73%
Grue
70%
Baie
68%
Napoléon
54%
Kaki
50%
Coupe
34%
Cardinal
28%
Nef
26%
Mercure
22%
Grève
17%
Quartier
16%
Aucun quiz correspondant
Distribution des résultats
% des personnes avec chaque résultat
Percentile par nombre de réponses
Votre historique - résultats
Vous n’avez pas pris ce quiz